000 01285cam a2200373Mi 4500
001 96918
005 20230410130544.0
008 090522s2009 fr 000 0 fre d
035 _a(OCoLC)ocn370358506
040 _aTZT
_cTZT
_dAUXAM
020 _a9782296080782
020 _a2296080782
029 0 _aTZT
_bJTL00249952
029 1 _aAUXAM
_bAAL0447549-0001
035 _a(OCoLC)370358506
050 1 4 _aPN 1992.3
_bT269 2009
082 0 0 _a791.450 944090511
049 _aGRAL
245 0 0 _aTélévision francaise.
_pla saison 2009 : une analyse des programmes du 1er septembre 2007 au 31 aõut 2008 /
_cdirigé par Christian Bosséno.
260 _aParis :
_bHarmattan,
_c2009.
300 _a399 p. ;
_c24 cm.
650 0 _aTelevision programs
_zFrance
_vPeriodicals.
650 0 _aTelevision programs
_vReviews
_vPeriodicals.
650 4 _aProgramas de televisión
_zFrancia.
650 4 _aNoticieros por televisión
_zFrancia.
650 4 _aTelevisión estatal
_zFrancia.
650 4 _aEstaciones de televisión
_zFrancia.
700 1 _aBosséno, Christian
938 _aJean Touzot Libraire Editeur
_bTOUZ
_nJTL00249952
_c35 EUR
938 _aAux Amateurs de Livres
_bAUXA
_nAAL0447549-0001
_c35,00 EUR
942 _2lcc
_cbk
946 _amjcruz
994 _aC0
_bDRFGD
999 _c76056
_d76056